Central Library OPAC University of Rajshahi

ভারত-ভাস্কর রবীন্দ্রনাথ / (Record no. 65285)

MARC details
000 -LEADER
fixed length control field 01176nam a2200229 a 4500
001 - CONTROL NUMBER
control field 65285
003 - CONTROL NUMBER IDENTIFIER
rucl marc code BD-RjUL
005 - DATE AND TIME OF LATEST TRANSACTION
control field 20211209081415.0
008 - FIXED-LENGTH DATA ELEMENTS--GENERAL INFORMATION
fixed length control field 170304s1961 ii a|||| |||| 00| 0 ben d
035 ## - SYSTEM CONTROL NUMBER
System control number (BD-RjUL)65415
040 ## - CATALOGING SOURCE
Original cataloging agency BD-RjUL
Language of cataloging eng
Transcribing agency BD-RjUL
Modifying agency BD-RjUL
041 ## - LANGUAGE CODE
Language code of text/sound track or separate title ben
082 ## - DEWEY DECIMAL CLASSIFICATION NUMBER
Edition number 23
Classification number 891.4414
Author mark and year SEV 1961
100 1# - MAIN ENTRY--PERSONAL NAME
Personal name সেন, রণজিৎ কুমার
9 (RLIN) 193239
245 1# - TITLE STATEMENT
Title ভারত-ভাস্কর রবীন্দ্রনাথ /
Remainder of title রণজিৎ কুমার সেন
260 ## - PUBLICATION, DISTRIBUTION, ETC. (IMPRINT)
Place of publication, distribution, etc. কলিকাতা :
Name of publisher, distributor, etc. এ, মুখার্জী অ্যান্ড কোং প্রাইভেট লিমিটেড,
Date of publication, distribution, etc. ১৯৬১ [১৩৬৮]
300 ## - PHYSICAL DESCRIPTION
Pagination ২৪২ পৃ. :
Illustrations চিত্র ;
Size ২২ সেমি.
500 ## - GENERAL NOTE
General note A short life of Ravīndranātha Ṭhākura, with appreciation of his accomplishments in literature and art and of his patriotism.
600 ## - SUBJECT ADDED ENTRY--PERSONAL NAME
Personal name ঠাকুর, রবীন্দ্রনাথ
Dates associated with a name ১৮৬১-১৯৪১
Fuller form of name সমালোচনা ও ব্যাখ্যা
Personal name Tagore, Rabindranath
Dates associated with a name 1861-1941
Fuller form of name Criticism and interpretation
942 ## - ADDED ENTRY ELEMENTS (KOHA)
Source of classification or shelving scheme Dewey Decimal Classification
Koha item type Books
Holdings
Lost status Source of classification or shelving scheme Damaged status Not for loan Collection code Permanent Location Current Location Shelving location Date acquired Source of acquisition Cost, normal purchase price Total Checkouts Full call number Date last seen Copy number Koha item type Date checked out
  Dewey Decimal Classification   Not For Loan Non-fiction Central Library, University of Rajshahi Central Library, University of Rajshahi Reading Room 18/02/1967 Nowroge kitab 5.00   B 891.4414 SEV 1961 04/03/2017 C-1 Books  
  Dewey Decimal Classification     Non-fiction Central Library, University of Rajshahi Central Library, University of Rajshahi   20/08/1973 India International, Calcutta   1 B 891.4414 SEV 1961 18/10/2017 C-2 Books 21/09/2017